000 00894nam a2200217 a 4500
001 BRCA_580
005 20190320203054.0
008 030205s2002 sp-a---##b---f000-0#spa-#
020 _a8436936523
040 _aDLC
_cDLC
050 4 _aNK2862.A5
_b.A54 2002
245 1 0 _aAlfombras españolas de Alcaraz y Cuenca, siglos XV-XVI.
260 _a[Madrid]
_bMinisterio de Educación, Cultura y Deporte : Dirección General de Bellas Artes y Bienes Culturales : Subdirección General de Museos Estatales
_c[2002?]
300 _a125 p.
_bil. a color
_c28 cm.
504 _aBibliografía: p. 119-123
610 2 4 _aMuseo Nacional de Artes Decorativas (España)
_91997
650 1 4 _aAlfombras
_vTemas, motivos
_xHistoria
_ySiglos XV y XVI
_zAlcaraz - España
_91998
650 1 4 _aAlfombras
_xHistoria
_ySiglos XV y XVI
_zCuenca - España
_91999
650 1 4 _aAlfombras
_zMadrid - España
_92000
942 _2lcc
_cB
999 _c509
_d509